000 01335nam0a22003131 4500
001 rc\3301408
005 20260407074212.0
021 _aRU
_b[74-9731]
035 _a(NLR Aleph) 007500565
090 _a7664447
_c7664447
100 _a20130115d1973 |||y0rusy50 ca
101 1 _arus
_ckrc
102 _aRU
105 _aa z |||||
200 1 _aДебет Златоликий и его друзья
_eБалкаро-Карачаев. нартский эпос
_fПеревод С. Липкина
_g[Вступ. статья А. Холаева
_gИл.: Э.И. Левандовская
_gКабард.-Балкар. науч.-исслед. ин-т при Совете Министров КБ АССР
210 _aНальчик
_cЭльбрус
_d1973]
215 _a156 с., 5 л. ил.
_d20
608 _aЭпос балкарский (х. л.)
_2psbo
608 _aЭпос нартский (х. л.)
_2psbo
608 _aЭпос карачаевский (х. л.)
_2psbo
702 1 _aХолаев
_bА.
_4080
702 1 _aЛипкин
_bС.
_4730
702 1 _aЛевандовская
_bЭ.И.
_4440
712 0 2 _aКабардино-Балкарский НИИ
_cНальчик
_3RU\NLR\AUTH\8810038223
_9575287
801 0 _aRU
_bNLR
_gpsbo
801 1 _aRU
_bELAR
_2rusmarc
852 _aNLR
_j73-3/10334
942 _cBOOK
980 _aNB